000 00525nam a22002057a 4500
003 OSt
005 20260305020003.0
008 140707b xxu||||| |||| 00| 0 eng d
020 _a9781416059516
040 _cDNLM
082 _aQS4 N38a 2011
100 _aNetter Frank H.
_9359
245 _aAtlas of Human Anatomy
250 _a5h ed.
260 _aPhiladelphia:
_bSaunders,
_c2011
300 _a532p:
_bcol.ill
_c28.5cm
504 _aReferences & index included.
651 _aAnatomy Atlas
_9360
942 _2z
_cB_BANK
_04
999 _c134
_d134